000 00793nam a22002417a 4500
003 OSt
005 20250924104339.0
008 250924b |||||||| |||| 00| 0 eng d
037 _cThesis
040 _aFEDL
_beng
_cFEDL
041 _aeng
_heng
082 _a507 CHO/TH
100 _aChowdhary, Vertika
_9846374
110 _aUniversity of Delhi. Department of Education
_9846375
245 _aDeconstruction learners' questions in science classrooms/
_cby Vertika Chowdhary; Alka Behari- Supervisor.
260 _aUniversity of Delhi
_c2025
300 _avii, 177p.
650 _aSCIENCE
_9846381
650 _aDECONSTRUCTING LEARNERS
_9846382
700 _aBehari, Alka. Supervisor
_9846376
942 _2ddc
_cTH
_h507 CHO/TH
_n0
999 _c1463926
_d1463926